Principles of macroeconomics and the Canadian economy / (Record no. 9032)

MARC details
000 -LEADER
fixed length control field 00976pam a2200277 a 4500
001 - CONTROL NUMBER
control field 2578267
003 - CONTROL NUMBER IDENTIFIER
control field OSt
005 - DATE AND TIME OF LATEST TRANSACTION
control field 20240702102724.0
008 - FIXED-LENGTH DATA ELEMENTS--GENERAL INFORMATION
fixed length control field 960620s1997 nyua b 001 0 eng
010 ## - LIBRARY OF CONGRESS CONTROL NUMBER
LC control number 96009681
020 ## - INTERNATIONAL STANDARD BOOK NUMBER
International Standard Book Number 039397054X (pbk.)
040 ## - CATALOGING SOURCE
Transcribing agency must
050 00 - LIBRARY OF CONGRESS CALL NUMBER
Classification number HB172.5
Item number .S753 1997
082 00 - DEWEY DECIMAL CLASSIFICATION NUMBER
Classification number 339 STI 1997
Edition number 20
100 1# - MAIN ENTRY--PERSONAL NAME
Personal name Stiglitz, Joseph E.
9 (RLIN) 18361
245 10 - TITLE STATEMENT
Title Principles of macroeconomics and the Canadian economy /
Statement of responsibility, etc. Joseph E. Stiglitz, Robin W. Boadway.
250 ## - EDITION STATEMENT
Edition statement 2nd ed.
260 ## - PUBLICATION, DISTRIBUTION, ETC. (IMPRINT)
Place of publication, distribution, etc. New York :
Name of publisher, distributor, etc. W.W. Norton,
Date of publication, distribution, etc. c1997.
300 ## - PHYSICAL DESCRIPTION
Extent xxviii, 489 p., [21] p. :
Other physical details col. ill. ;
Dimensions cm.
504 ## - BIBLIOGRAPHY, ETC. NOTE
Bibliography, etc Includes bibliographical references and index.
650 #0 - SUBJECT ADDED ENTRY--TOPICAL TERM
Topical term or geographic name as entry element Macroeconomics.
9 (RLIN) 7608
700 1# - ADDED ENTRY--PERSONAL NAME
Personal name Boadway, Robin W.,
Dates associated with a name 1943-
9 (RLIN) 18362
906 ## - LOCAL DATA ELEMENT F, LDF (RLIN)
a 7
b cbc
c orignew
d 1
e ocip
f 19
g y-gencatlg
942 ## - ADDED ENTRY ELEMENTS (KOHA)
Source of classification or shelving scheme Dewey Decimal Classification
Koha item type Open Shelf
Holdings
Withdrawn status Lost status Source of classification or shelving scheme Damaged status Not for loan Home library Current library Source of acquisition Inventory number Total Checkouts Full call number Barcode Date last seen Koha item type Date acquired Price effective from
    Dewey Decimal Classification     MUST Main Library MUST Main Library purchase 05/24115   339 HAR 1997 2024-21665 02/07/2024 Open Shelf    
    Dewey Decimal Classification     MUST Main Library MUST Main Library purchase 05/24117   339 HAR 1997 2024-21666 02/07/2024 Open Shelf    
    Dewey Decimal Classification     MUST Main Library MUST Main Library Purchase 05/24085   339 HAR 1997 2024-21702 02/07/2024 Open Shelf    
    Dewey Decimal Classification     MUST Main Library MUST Main Library Purchase 05/24116   339 HAR 1997 2024-21703 02/07/2024 Open Shelf    
    Dewey Decimal Classification     MUST Main Library MUST Main Library purchase 05/24128   339 HAR 1997 2024-22208 24/07/2024 Open Shelf 24/07/2024 24/07/2024